[Event "CHI-ch (Women)"]
[Site "Santiago de Chile"]
[Date "2023.02.18"]
[Round "9"]
[White "Carmona Munoz, Veronica"]
[Black "Rozas Lazcano, Valeska"]
[Result "1-0"]
[WhiteElo "1530"]
[BlackElo "1604"]
[PlyCount "129"]
[EventDate "2023.02.11"]
[EventType "tourn"]
[EventRounds "11"]
[EventCountry "CHI"]
[SourceTitle "CBM 212 Extra"]
[Source "ChessBase"]
[SourceDate "2023.03.31"]
[SourceVersion "1"]
[SourceVersionDate "2023.03.31"]
[SourceQuality "1"]

1. e4 c5 2. d3 e6 3. Nf3 a6 4. g3 b5 5. Bg2 Bb7 6. 0-0 d6 7. Nbd2 Qc7 8. Re1 Nd7 9. c3 Ngf6 10. Nf1 Be7 11. Bd2 Ne5 12. Nxe5 dxe5 13. f4 exf4 14. gxf4 h5 15. a4 Qd7 16. Qc2 b4 17. Rad1 h4 18. h3 Rc8 19. Ne3 Qc7 20. Nc4 Nh5 21. Rf1 Ng3 22. Rf2 Rg8 23. Ne5 g5 24. Ng4 a5 25. Nh6 Rg7 26. fxg5 Bd6 27. Ng4 Ke7 28. Be3 Rcg8 29. d4 cxd4 30. Bxd4 Rxg5 31. Bf6+ Ke8 32. Bxg5 Rxg5 33. Qd2 Be7 34. Qd4 e5 35. Qd2 Rg6 36. Qe1 Bc5 37. cxb4 Bxf2+ 38. Qxf2 axb4 39. Nf6+ Kf8 40. Rd7 Qc1+ 41. Kh2 Qc4 42. Rxb7 Kg7 43. Ne8+ Kf8 44. Rc7 Qe6 45. Qc5+ Kg8 46. Rc8 Kh7 47. Qc7 Nh5 48. Qc4 Qe7 49. a5 Nf4 50. Bf1 Ne6 51. a6 Qg5 52. Nf6+ Rxf6 53. Qe2 Qg3+ 54. Kh1 Nf4 55. Qg4 Rg6 56. Qxg3 hxg3 57. a7 Ra6 58. a8Q Rxa8 59. Rxa8 f5 60. Bg2 fxe4 61. Bxe4+ Kh6 62. Rb8 Kg5 63. Rxb4 Ne2 64. Kg2 Nd4 65. Rxd4 1-0